00293nam a2200121Ia 4500008004100000082001400041100001600055245005200071250000800123260002400131300000800155650000800163191201s2010 xx 000 0 und d a658.51DAM aDATTA, A.K. 0aMaterials Management Procedures, Text and Cases a2nd aN. DelhibPHIc2010 a404 aBBA